Statistics for Ultimate ROBLOX Quiz

Click here to take the quiz!

General Stats

  • This quiz has been taken 164 times
  • The average score is 3 of 15

Answer Stats

HintAnswer% Correct
CreatorBuilderman
76%
Master Of The Sticksstickmasterluke
39%
Best friend of aboveShedletsky
35%
Died Of Cancer IRL :(erik.cassel
27%
Fried ChickenTelamon
25%
Loves Beres and GhostsBereghost
16%
Dusekkar Is His NicknameMatt Dusek
15%
RUBIESLoleris
11%
When You Need Tea Pots You Find HimClockwork
8%
SkyShip creatorAvus
1%
This Is Some Random Noob Who Tries To Be FamousNape224
1%
The Hunger Games WannabeOzzypigmen
1%
Snowboarding ResortSilentAssassin22
1%
The Hunger Games MasterSmoothblockmodel
1%
The Button Up Shirt DudeTayMaster
1%

Score Distribution

Percentile by Number Answered

Percent of People with Each Score

Your Score History

You have not taken this quiz